Strategie der wirtschaftlichen Integration
Gespeichert in:
| 1. Verfasser: | |
|---|---|
| Format: | Buch |
| Sprache: | Deutsch |
| Veröffentlicht: |
Berlin
Duncker und Humblot
1980
|
| Schriftenreihe: | Volkswirtschaftliche Schriften
Heft 298 |
| Tags: |
Keine Tags, Fügen Sie das erste Tag hinzu!
|
MARC
| LEADER | 00000nam a2200000 4500 | ||
|---|---|---|---|
| 001 | c136994 | ||
| 005 | 20041019155308.6 | ||
| 041 | 0 | |a ger | |
| 044 | |a DE | ||
| 245 | 1 | 0 | |a Strategie der wirtschaftlichen Integration |c El-Shagi El-Shagi |
| 264 | 1 | |a Berlin |b Duncker und Humblot |c 1980 | |
| 300 | |a 310 s. | ||
| 490 | 1 | |a Volkswirtschaftliche Schriften |v Heft 298 | |
| 830 | 0 | |a Volkswirtschaftliche Schriften |v Heft 298 | |
| 100 | 1 | |a El-Shagi, El-Shagi | |